000 00488nam a2200193 4500
003 LK-CoMWRAF
005 20231017235148.0
008 230906b1953 |||||||| |||| 00| 0 eng d
020 _a0333910869
040 _aLK-CoMWRAF
_dLK-CoMWRAF
_eLK-CoMWRAF
041 _aeng
082 _a821
_bDOD
100 _aDODD, Elisabeth Frances
245 _aStories from famous poems
260 _aMadras :
_b Macmillan & Co,
_c1953
300 _a71p
650 _aStories from poems
942 _cBK
999 _c3445
_d3445